|
|
|
|
| LEADER |
01529nam a2200397 i 4500 |
| 001 |
EBC6468125 |
| 003 |
MiAaPQ |
| 005 |
20210620175024.0 |
| 006 |
m o d | |
| 007 |
cr cnu|||||||| |
| 008 |
210620s2016 oku o 001 0 eng d |
| 020 |
|
|
|z 9781593706296
|q (electronic bk.)
|
| 035 |
|
|
|a (MiAaPQ)EBC6468125
|
| 035 |
|
|
|a (Au-PeEL)EBL6468125
|
| 035 |
|
|
|a (OCoLC)1236261288
|
| 040 |
|
|
|a MiAaPQ
|b eng
|e rda
|e pn
|c MiAaPQ
|d MiAaPQ
|
| 050 |
|
4 |
|a HD9490.A2
|b .W476 2016
|
| 082 |
0 |
|
|a 338.4766430951
|2 23
|
| 100 |
1 |
|
|a Werner, Steve,
|d 1964-
|e author.
|
| 245 |
1 |
0 |
|a Managing human resources in the oil & gas industry /
|c Steve Werner; Andrew Inkpen; Michael H. Moffett.
|
| 246 |
3 |
|
|a Managing human resources in the oil and gas industry
|
| 264 |
|
1 |
|a Tusla, Oklahoma :
|b PennWell,
|c [2016]
|
| 264 |
|
4 |
|c 2016
|
| 300 |
|
|
|a 1 online resource (xiii, 394 pages)
|
| 336 |
|
|
|a text
|b txt
|2 rdacontent
|
| 337 |
|
|
|a computer
|b c
|2 rdamedia
|
| 338 |
|
|
|a online resource
|b cr
|2 rdacarrier
|
| 500 |
|
|
|a Includes index.
|
| 588 |
|
|
|a Description based on print version record.
|
| 590 |
|
|
|a Electronic reproduction. Ann Arbor, MI : ProQuest, 2018. Available via World Wide Web. Access may be limited to ProQuest affiliated libraries.
|
| 650 |
|
0 |
|a Oil industries
|x Management.
|
| 655 |
|
4 |
|a Electronic books.
|
| 700 |
1 |
|
|a Inkpen, Andrew C.,
|e author.
|
| 700 |
1 |
|
|a Moffett, Michael H.,
|e author.
|
| 797 |
2 |
|
|a ProQuest (Firm)
|
| 856 |
4 |
0 |
|u https://ebookcentral.proquest.com/lib/matrademy/detail.action?docID=6468125
|z Click to View
|